000 00628nam a22001577a 4500
003 OSt
005 20151101092404.0
008 151101b xxu||||| |||| 00| 0 eng d
040 _cRUA
082 _aFOR សិទ្ធិ 1990 B115 Or.1
100 _93104
_aសិទ្ធិុ ,សំណាង
245 _aសិក្សាបច្ចេកទេសអាជីវកម្មឈើមូលក្នុងព្រៃគប់នៅរុក្ខដ្ឋានកែវ សីម៉ា ខេត្តមណ្ឌលគីរី
260 _aPhnom Penh
_bRUA
_c1990
300 _a146p.
_bill.
_c29cm.
942 _2ddc
_cFOR
999 _c2894
_d2894